000
00291nam a22001337a 4500
020
_a
978-81-264-5233
082
_a
894.812.3
_b
LIB/B
100
_a
BALAKRISHNAN C V
245
_a
LIBRARIAN
260
_a
KOTTAYAM
_b
DC BOOKS
300
_a
109
650
_a
MALAYALAM NOVEL
_z
KERALA
942
_c
BK
999
_c
7189
_d
7189